[Event "ACL-A119"]
[Site "www.playchess.de"]
[Date "2001.04.04"]
[Round "19"]
[White "xenium"]
[Black "deadeasy"]
[WhiteElo "1500"]
[BlackElo "1500"]
[PlyCount "84"]
[Result "0-1"]

1.e4 c5 2.Nf3 Nc6 3.Bc4 e6 4.O-O Nf6 5.d3 Be7 6.e5 
Ng4 7.Ng5 Ngxe5 8.Nd2 Bxg5 9.Ne4 Be7 10.b3 d5 
11.Bb5 dxe4 12.dxe4 Qxd1 13.Rxd1 O-O {do you use a 
chess program?}  14.Bf4 Bf6 15.Be2 Nd4 16.Kf1 Ng6 
17.Bd6 Be7 18.e5 Nxe2 19.Kxe2 {I have a chess 
prog., but I dont use in this game}  b6 {i am 
interested in what is the popular program. i only 
have bringer now.}  20.c3 {I have Chessmaster 
5500. Sorry, I must go to sleep. good night. PS: 
compliments for this game.}  Ba6+ 21.c4 Rad8 {is 
chess master easy to use?}  22.Bc7 Rxd1 23.Rxd1 
{is very good and easy.}  Bb7 24.g3 f6 25.exf6 
Bxf6 26.f4 Rc8 27.Bd6 e5 28.f5 Nh8 29.Be7 Bxe7 
30.Rd7 Be4 31.Rxe7 Kf8 32.Rxa7 Ra8 33.Rxa8+ Bxa8 
34.g4 Nf7 35.Kf2 Ke7 36.a3 Kf6 37.h3 h5 38.Kg3 
hxg4 39.hxg4 Kg5 40.Kh3 Nh6 41.b4 Nxg4 42.bxc5 
bxc5 0-1

[Event "ACL-A119"]
[Site "www.playchess.de"]
[Date "2001.04.04"]
[Round "32"]
[White "xenium"]
[Black "foxzy"]
[WhiteElo "1500"]
[BlackElo "1266"]
[PlyCount "47"]
[Result "1-0"]

1.e4 c5 2.Nf3 Nc6 3.Bc4 e6 4.O-O Nf6 5.a4 d5 6.Be2 
dxe4 7.Bb5 Bd7 8.Ng5 Bd6 9.d3 exd3 10.cxd3 O-O 
11.Re1 Qc7 12.g3 a6 13.d4 axb5 14.dxc5 Bxc5 15.Nc3 
bxa4 16.Nce4 Be7 17.Bf4 e5 18.Be3 b5 19.f4 Bf5 
20.Qd3 Rab8 21.Nxf6+ Bxf6 22.Qxf5 g6 23.Qxf6 exf4 
24.Bxf4 1-0

[Event "ACL-A119"]
[Site "www.playchess.de"]
[Date "2001.04.04"]
[Round "33"]
[White "foxzy"]
[Black "esad"]
[WhiteElo "1266"]
[BlackElo "1264"]
[PlyCount "55"]
[Result "1-0"]

1.e4 {Hello!}  e5 2.Nf3 Nc6 3.Bc4 h6 4.Nc3 Nf6 
5.d4 a6 6.O-O b5 7.Bd5 Nxd5 8.exd5 Ne7 9.dxe5 Bb7 
10.d6 cxd6 11.exd6 Nf5 12.Re1+ Ne7 13.dxe7 Bxe7 
14.Nd5 Bxd5 15.Qxd5 O-O 16.Ne5 Qe8 17.Nxd7 Rd8 
18.Rd1 Bf6 19.Nxf6+ gxf6 20.Qf3 Qe5 21.Bxh6 Rfe8 
22.g3 Rxd1+ 23.Rxd1 Qe2 24.Qxe2 Rxe2 25.Rd8+ Kh7 
26.Bd2 Kg6 27.Kf1 Re6 28.f4 1-0

[Event "ACL-A119"]
[Site "www.playchess.de"]
[Date "2001.04.04"]
[Round "35"]
[White "foxzy"]
[Black "deadeasy"]
[WhiteElo "1266"]
[BlackElo "1500"]
[PlyCount "64"]
[Result "0-1"]

1.d4 Nf6 {hello from london}  2.c4 {Hello! I'm in 
Princeton, NJ, USA.}  c5 {NJ, and playing under 
the Chinese flag! at University?}  3.d5 {Yeah. I'm 
a Chinese. I'm visiting Princeton University now. 
What about you?}  b5 {i never made university, 
left school at 16. I work for a housing charity 
having trained in psychiatr}  4.cxb5 a6 5.bxa6 g6 
6.Nc3 Bxa6 7.Nf3 d6 8.g3 Bg7 9.Bg2 Nbd7 10.O-O Nb6 
11.Re1 O-O 12.e4 Nfd7 13.Bf4 Nc4 14.b3 Bxc3 
15.bxc4 Bxc4 16.Qc2 Bxe1 17.Nxe1 Ba6 18.Bh6 Re8 
19.Qc3 Nf6 20.e5 dxe5 {why do i feel uneasy in a 
position material up?? must be my strong black 
squares ;-(}  21.Qxe5 {You played much more better 
than me. :)}  Qd6 {in the other game maybe, here 
it has been very difficult, exchanging B for R is 
a good idea}  22.Qc3 Ra7 23.Rd1 e5 24.Nc2 Nd7 
25.Ne3 Rb8 26.Ng4 Be2 27.Nxe5 Qxe5 28.Qxe5 Nxe5 
29.Re1 Nf3+ 30.Bxf3 Bxf3 31.d6 Rd7 32.Re3 
Rb1+ 0-1

[Event "ACL-A112"]
[Site "www.playchess.de"]
[Date "2001.04.04"]
[Round "5"]
[White "ulibear"]
[Black "kazan"]
[WhiteElo "1501"]
[BlackElo "1500"]
[PlyCount "52"]
[Result "0-1"]

1.d4 Nf6 2.c4 c5 3.d5 b5 4.Nf3 {ben-ko-ing me??}  
g6 5.cxb5 {or from volga river??}  a6 6.e3 axb5 
7.Bxb5 {solamente hablando espanol??}  Qa5+ 8.Nc3 
Ne4 9.Qd3 {natural defense}  Nxc3 10.bxc3 Bg7 
11.Bd2 O-O 12.O-O {queen on the rim is a bit grim} 
 d6 13.e4 Bd7 14.Rfb1 Bg4 15.Ne1 Nd7 16.h3 Ne5 
17.Qc2 Bd7 18.Bxd7 {still on the rim}  Nxd7 19.c4 
Qa4 20.Rb7 {good move}  Bxa1 21.Qxa4 Rxa4 22.Rxd7 
Rxa2 23.Nf3 Bf6 24.Bg5 Kg7 25.h4 Rb8 26.Bxf6+ {see 
a check and must give it before ....}  
Kxf6 0-1

[Event "HCL-B230"]
[Site "www.playchess.de"]
[Date "2001.04.04"]
[Round "6"]
[White "Allesnehmer"]
[Black "Gregory"]
[WhiteElo "1937"]
[BlackElo "1500"]
[PlyCount "81"]
[Result "1-0"]

1.e4 Nc6 2.d4 d5 3.exd5 Qxd5 4.Nf3 Bg4 5.Be2 O-O-O 
{long Castling}  6.c4 Qh5 7.Be3 e5 8.d5 Nf6 9.Nbd2 
Nd4 10.Nxd4 exd4 11.Bxd4 Bxe2 12.Qxe2 Re8 13.Be3 
Bc5 14.Qxh5 Nxh5 15.Ke2 Nf4+ 16.Kf3 Bxe3 17.fxe3 
Nd3 {Are you following the same game as I am! :-)} 
 18.a4 {no i play myself}  Re7 19.Ra3 Ne5+ 20.Ke2 
Rhe8 21.h3 Ng6 22.b4 Nh4 23.g4 Ng2 24.e4 Nh4 
25.Rf1 f6 26.a5 Ng6 27.b5 Ne5 28.Ke3 Nd7 29.Kd4 h5 
{Do you have an ELO rating?}  30.gxh5 {no i have 
not}  Rh8 31.Rf5 Re5 32.Rg3 Rxf5 33.exf5 Rxh5 
34.Rxg7 Rh4+ 35.Ne4 Nc5 36.Kxc5 Rxe4 37.Rg4 Re3 
38.a6 bxa6 39.Kc6 Re8 40.bxa6 Rd8 
41.c5 1-0

[Event "ACL-A112"]
[Site "www.playchess.de"]
[Date "2001.04.04"]
[Round "12"]
[White "vijal"]
[Black "kazan"]
[WhiteElo "1500"]
[BlackElo "1500"]
[PlyCount "73"]
[Result "1-0"]

1.d4 Nf6 2.Nf3 g6 3.c4 c5 4.Bf4 Bg7 5.e3 O-O 6.Nc3 
cxd4 7.exd4 d6 8.Rc1 Bf5 9.Bd3 Bxd3 10.Qxd3 Qb6 
11.Rc2 Nc6 12.O-O Nb4 13.Qd2 Nxc2 14.Qxc2 Rac8 
15.b3 Qc6 16.d5 Qc7 17.Nb5 Qb8 18.Re1 a6 19.Nbd4 
Qc7 20.h3 Rfe8 21.a4 Nh5 22.Bh2 Qc5 23.Rd1 b5 
24.axb5 axb5 25.Nc6 e6 26.Qd3 exd5 27.cxd5 Nf6 
28.Bg3 Ne4 29.b4 Qb6 30.Bh4 Rca8 31.Nfd4 Ra2 
32.Re1 Rd2 33.Qxd2 Nxd2 34.Rxe8+ Bf8 35.Bf6 h5 
36.Ne7+ Kh7 37.Rxf8 1-0

[Event "HCL-B229"]
[Site "www.playchess.de"]
[Date "2001.04.04"]
[Round "25"]
[White "molinov"]
[Black "vijal"]
[WhiteElo "1200"]
[BlackElo "1500"]
[PlyCount "55"]
[Result "1-0"]

1.e4 e5 2.Nf3 Nc6 3.Bb5 Bc5 4.d3 h6 5.O-O Nf6 
6.Bxc6 dxc6 7.Nxe5 Be6 8.h3 O-O 9.Kh1 Qd6 10.Bf4 
Qe7 11.Bd2 Nd7 12.Bc3 Bd6 13.Nxd7 Qxd7 14.f4 Bxh3 
15.f5 Bxg2+ 16.Kxg2 f6 17.Rh1 Bf4 18.Qg4 Bg5 
19.Nd2 b5 20.Nf3 Rae8 21.Nxg5 fxg5 22.Raf1 c5 
23.b3 b4 24.Bb2 Qc6 25.f6 gxf6 26.Rxh6 Re6 
27.Qxg5+ fxg5 28.Rh8+ 1-0

[Event "HCL-C228"]
[Site "www.playchess.de"]
[Date "2001.04.04"]
[Round "14"]
[White "guigao"]
[Black "craigsadler"]
[WhiteElo "1360"]
[BlackElo "721"]
[PlyCount "61"]
[Result "1-0"]

1.e4 c6 2.d4 d5 3.e5 Bf5 4.Bd3 Bxd3 5.Qxd3 e6 
6.Nf3 Nd7 7.O-O c5 8.c3 cxd4 9.cxd4 Nb6 10.Bd2 Ne7 
11.Bg5 h6 12.Bh4 Qc7 13.Na3 a6 14.Qb3 Nf5 15.Rac1 
Qd7 16.Qxb6 Bxa3 17.bxa3 Nxh4 18.Nxh4 O-O 19.Rc7 
Qa4 20.Qxb7 Qxd4 21.Nf3 Qa4 22.Qb3 Qa5 23.Rb7 Qd8 
24.Nd4 Qh4 25.Nf3 Qc4 26.Qb2 Qc8 27.Rc1 Qd8 28.Nd4 
Qg5 29.Nc6 Rac8 30.Ne7+ Kh7 31.Nxc8 1-0

[Event "HCL-B237"]
[Site "www.playchess.de"]
[Date "2001.04.04"]
[Round "9"]
[White "sboehnisch"]
[Black "Bauernopfer"]
[WhiteElo "1200"]
[BlackElo "1315"]
[PlyCount "82"]
[Result "0-1"]

1.f4 {Viel Spass und Grüsse aus Düsseldorf!}  d5 
{Grüße aus Gießen}  2.Nf3 Nc6 {.}  3.e3 f6 4.Nc3 
e5 5.Qe2 Bb4 6.fxe5 fxe5 7.e4 d4 8.Nd5 Bg4 9.c3 
dxc3 10.dxc3 Bd6 11.Qc4 Nf6 12.h3 Bh5 13.Nxf6+ 
Qxf6 14.Be2 Bxf3 15.O-O Bxe2 16.Qxe2 Qe6 17.Be3 
O-O-O 18.b4 a6 19.a4 Rdf8 20.b5 Rxf1+ 21.Rxf1 axb5 
22.Qxb5 Rf8 23.a5 Rxf1+ 24.Kxf1 Qa2 25.a6 Qxa6 
26.Qxa6 bxa6 27.c4 g6 28.g3 a5 29.c5 Be7 30.h4 Kb7 
31.Kf2 Nd4 32.Bxd4 exd4 {Das hatte ich mir schon 
gedacht, aber ich denke, ich möchte 
weiterspielen.}  33.Ke2 {Na dann :-) Den Versuch 
war es wert.}  Bxc5 {.}  34.Kd3 Kb6 35.e5 Kb5 
36.Kc2 Kb4 37.e6 a4 38.Kb2 a3+ 39.Ka2 d3 {Oh je, 
der hessische MKS-Verdachtsfall liegt nur 5km von 
meiner Wohnung entfernt.}  40.Kb1 {Nun warte erst 
mal die Gegenprobe ab. Wahrscheinlicher wäre NRW 
als Transitland.}  Kb3 {Trotzdem schon großes 
Chaos. Für PKW 4-5 Stunden Wartezeit vor den 
Desinfektionswannen.}  41.Kc1 {uuhps, wie 
unangenehm !Habt ihr denn selber Landwitschaft ?}  
a2 {Nein. Wohne zum Glück auch 1,5km vom 
Sperrbezirk entfernt. Mußte also nicht durch.} 
 0-1

[Event "ACL-A129"]
[Site "www.playchess.de"]
[Date "2001.04.04"]
[Round "6"]
[White "Stephen21"]
[Black "Swift_Dist"]
[WhiteElo "1355"]
[BlackElo "1500"]
[PlyCount "45"]
[Result "1-0"]

1.d3 e5 2.Nf3 Nc6 3.Nc3 b6 4.g3 d6 5.Bg2 Bb7 6.O-O 
Be7 7.Be3 Nf6 8.Ne4 Qd7 9.Neg5 h6 10.Ne4 O-O-O 
11.c4 Nb4 12.a3 Nxd3 13.exd3 Nxe4 14.dxe4 Bxe4 
15.b4 a5 16.bxa5 bxa5 17.Qb3 a4 18.Qc3 Bf6 19.Nd2 
Qf5 20.Bxe4 Qe6 21.Qa5 Bg5 22.Bc6 Rd7 
23.Qa8+ 1-0

[Event "ACL-A129"]
[Site "www.playchess.de"]
[Date "2001.04.04"]
[Round "8"]
[White "pirco"]
[Black "Mother_Teresa"]
[WhiteElo "1500"]
[BlackElo "1478"]
[PlyCount "75"]
[Result "1-0"]

1.d4 d5 2.c4 Nf6 3.Nc3 e6 4.Bg5 Be7 5.e3 O-O 6.Nf3 
Nbd7 7.Rc1 h6 8.Bh4 a6 9.cxd5 exd5 10.Bd3 Nb6 
11.O-O Bg4 12.h3 Bxf3 13.Qxf3 c6 14.Qf5 g6 15.Qf4 
Nh7 16.Bxe7 Qxe7 17.Qxh6 Qg5 18.Qxg5 Nxg5 19.f4 
Ne6 20.f5 gxf5 21.Rxf5 Nd7 22.Rcf1 f6 23.R5f2 Kg7 
24.Bf5 Rae8 25.R2f3 Nb6 26.Rg3+ Kh8 27.Bg6 Re7 
28.h4 Rg7 29.h5 Ng5 30.Rxg5 Nd7 31.Rg3 a5 32.h6 
Re7 33.Bf5 b5 34.Rg7 Rff7 35.Rxf7 Rxf7 36.Bxd7 
Rxd7 37.Rxf6 Rc7 38.g4 1-0

[Event "HCL-A100"]
[Site "www.playchess.de"]
[Date "2001.04.04"]
[Round "11"]
[White "Kasparovjr"]
[Black "tilki"]
[WhiteElo "1720"]
[BlackElo "1600"]
[PlyCount "47"]
[Result "1-0"]

1.e4 {Welcome to the club!}  c6 {good luck}  2.d4 
d5 {thks}  3.e5 Bf5 4.Nf3 e6 5.Be2 Qb6 6.O-O Nh6 
7.c4 Be7 8.Nc3 f6 9.Bxh6 gxh6 10.cxd5 cxd5 11.Nh4 
{It is getting really exciting now!}  Qxb2 12.Nxf5 
Qxc3 13.Nxe7 Kxe7 14.Rc1 Qa5 15.Qb3 {Your king 
sure is out swimming!}  Nd7 16.exf6+ Kxf6 17.Qxb7 
Rhd8 18.Rc7 Ke7 19.Bb5 Qxc7 20.Qxc7 Kf6 21.Bxd7 
Rab8 22.Re1 Rdf8 23.Rxe6+ Kg7 24.Be8+ 1-0

[Event "HCL-C234"]
[Site "www.playchess.de"]
[Date "2001.04.04"]
[Round "7"]
[White "olaf"]
[Black "yaroslav"]
[WhiteElo "1446"]
[BlackElo "1005"]
[PlyCount "41"]
[Result "1-0"]

1.e4 e5 2.Nf3 d5 3.exd5 Qxd5 4.d4 Bg4 5.Nc3 Qd6 
6.Be3 f5 7.dxe5 Qxd1+ 8.Rxd1 Nc6 9.Nb5 Rc8 10.Bc4 
Bb4+ 11.c3 Ba5 12.Nxa7 Nxa7 13.Bxa7 b6 14.b4 Bxb4 
15.cxb4 Ra8 16.Bb5+ Kf7 17.Rd7+ Ke6 18.Ng5+ Kxe5 
19.Nf7+ Kf4 20.g3+ Ke4 21.Bc6+ 1-0

[Event "HCL-C245"]
[Site "www.playchess.de"]
[Date "2001.04.04"]
[Round "2"]
[White "prnils"]
[Black "JRockne"]
[WhiteElo "1000"]
[BlackElo "757"]
[PlyCount "67"]
[Result "1-0"]

1.e4 {Hi! I'm Josep, from Barcelona.}  e5 {Hello, 
I'm Joe from Seattle.}  2.Nf3 {Have a nice game.}  
Nc6 3.Bb5 a6 4.Ba4 Nf6 5.O-O Bc5 6.Bxc6 bxc6 7.d4 
Bd6 8.dxe5 Bxe5 9.Nxe5 O-O 10.Nc3 d6 11.Nxc6 Qd7 
12.e5 dxe5 13.Qxd7 Bxd7 14.Nxe5 Bf5 15.Bg5 Rae8 
16.Bxf6 gxf6 17.Nd7 Bxd7 18.Rad1 {:-( I moved too 
fast}  Re7 19.Nd5 Re2 20.Nxf6+ Kg7 21.Nxd7 Rfe8 
22.Rdc1 f5 23.b4 Rd2 24.Nc5 Ree2 25.Nxa6 c6 26.a4 
Kf7 27.c4 Rd4 28.Rfd1 Rde4 29.b5 cxb5 30.axb5 Rb2 
31.Nc5 Ree2 32.Nd3 Rec2 33.Nxb2 Rxb2 
34.Rcb1 1-0

[Event "HCL-C245"]
[Site "www.playchess.de"]
[Date "2001.04.04"]
[Round "5"]
[White "Toady"]
[Black "jhvn"]
[WhiteElo "690"]
[BlackElo "1000"]
[PlyCount "52"]
[Result "0-1"]

1.e4 c5 2.Nf3 Nc6 3.Bb5 e6 4.O-O Nge7 5.d4 Nxd4 
6.Nxd4 cxd4 7.Qxd4 Nc6 8.Bxc6 bxc6 9.Nc3 Bb7 10.e5 
d5 11.a3 Qb6 12.Qxb6 axb6 13.Be3 c5 14.Rab1 d4 
15.Nb5 Ra5 16.Nc7+ Kd8 17.Nxe6+ fxe6 18.Bg5+ Kc7 
19.b4 Ra4 20.bxc5 Bxc5 21.Rbe1 Ba6 22.Rec1 Bxa3 
23.Rcb1 Bxf1 24.Kxf1 Rc8 25.Re1 Kb8 26.Rb1 
Ka7 0-1

[Event "HCL-B246"]
[Site "www.playchess.de"]
[Date "2001.04.04"]
[Round "6"]
[White "Whatever"]
[Black "Mother_Teresa"]
[WhiteElo "1505"]
[BlackElo "1189"]
[PlyCount "106"]
[Result "0-1"]

1.e4 {Have a good game.}  e5 2.Nf3 Nc6 3.Bc4 Nf6 
4.Ng5 d5 5.exd5 Nxd5 6.Nxf7 Kxf7 7.Qf3+ Ke6 8.Nc3 
Ncb4 9.Qe4 c6 10.a3 Qa5 11.f4 Kd7 12.fxe5 Nb6 
13.d4 Nxc4 14.O-O Ke8 15.e6 Nd5 16.e7 Nxe7 17.Bf4 
Bf5 18.Qe2 Nxb2 19.Ne4 Bxe4 20.Qxe4 Qd5 21.Qxd5 
Nxd5 22.Rae1+ Kd7 23.Be5 Bxa3 24.Rf7+ Be7 25.Bxg7 
Rhg8 26.Bh6 Nc4 27.h4 Nce3 28.Bxe3 Nxe3 29.Rxe3 
Rae8 30.Rxh7 Kd6 31.c4 Rgh8 32.Rexe7 {This was 
really the last trap. Bf6 would have won.}  Rxe7 
33.Rxh8 b5 34.cxb5 cxb5 35.Kf2 b4 36.Rb8 a5 37.Rb5 
Ra7 38.Ke3 Kc6 39.Rc5+ Kb6 40.Kd3 a4 41.Rc1 Rg7 
42.Rc2 b3 43.Rb2 Kb5 44.Kc3 Rg3+ 45.Kd2 Rxg2+ 
46.Kc3 Rg3+ 47.Kd2 Kc4 48.Rb1 Rd3+ 49.Kc1 Rxd4 
50.Kb2 {This will probably suffice too. This game 
is a nice illustration of your motto. :-(}  Rxh4 
{I think you are..................sre right.}  
51.Ka3 {I read your message. It is so sad that I 
know exactly what you are talking about.}  Rh2 
52.Rc1+ {.}  Kb5 53.Rc5+ Kxc5 0-1

[Event "HCL-C239"]
[Site "www.playchess.de"]
[Date "2001.04.04"]
[Round "10"]
[White "fossa"]
[Black "Trickster"]
[WhiteElo "763"]
[BlackElo "904"]
[PlyCount "33"]
[Result "1-0"]

1.e3 e5 2.c4 c6 3.Nf3 d6 4.b3 Bf5 5.Nc3 Be7 6.e4 
Bg4 7.h3 Be6 8.Be2 Nf6 9.d3 Qa5 10.Bd2 Qc7 11.O-O 
O-O 12.Nh2 Na6 13.Ng4 Nxg4 14.Bxg4 Bxg4 15.Qxg4 
Nb4 16.Bh6 Qc8 17.Qxg7+ 1-0

[Event "HCL-C250"]
[Site "www.playchess.de"]
[Date "2001.04.04"]
[Round "5"]
[White "spinny33"]
[Black "myung"]
[WhiteElo "598"]
[BlackElo "1000"]
[PlyCount "54"]
[Result "0-1"]

1.Nf3 {hi}  d6 2.e4 Nf6 3.Bd3 Nc6 4.b3 Bg4 5.c4 e5 
6.Ba3 d5 7.h3 Bxf3 8.Qxf3 Nd4 9.Qe3 Bxa3 10.Nxa3 
c5 11.Qg5 O-O 12.Qxe5 Re8 13.Qg5 dxe4 14.Be2 Nxe2 
15.Kxe2 Qd3+ 16.Kd1 Nh5 17.Rb1 Rad8 18.Rb2 Qc3 
19.Rc2 Qa1+ 20.Rc1 Qb2 21.Re1 f6 22.Qe3 Qxa3 23.b4 
Qxb4 24.Rc3 g5 25.a3 Qb2 26.f3 Ng3 27.Qxc5 
Qxd2+ 0-1

[Event "HCL-C255"]
[Site "www.playchess.de"]
[Date "2001.04.04"]
[Round "26"]
[White "Fiver"]
[Black "TRUBLU"]
[WhiteElo "1146"]
[BlackElo "1000"]
[PlyCount "52"]
[Result "0-1"]

1.c4 e5 2.Nc3 Nf6 3.d3 c5 4.e4 Nc6 5.Nf3 d6 6.h3 
h6 7.Be2 Be7 8.O-O Be6 9.Re1 Qd7 10.Qb3 Bxh3 
11.gxh3 Qxh3 12.Nh2 Nd4 13.Qxb7 Rd8 14.Qxa7 g5 
15.f3 Qg3+ 16.Kf1 Qxh2 17.Bd1 Nh5 18.Ne2 Nxf3 
19.Ba4+ Kf8 20.Bd7 Ng3+ 21.Nxg3 Qg1+ 22.Ke2 Nxe1 
23.Bd2 Qg2+ 24.Kxe1 Qxg3+ 25.Ke2 Qg2+ 26.Ke3 
g4 0-1

[Event "HCL-A114"]
[Site "www.playchess.de"]
[Date "2001.04.04"]
[Round "13"]
[White "Karen"]
[Black "Tasos"]
[WhiteElo "1700"]
[BlackElo "1700"]
[PlyCount "21"]
[Result "1-0"]

1.e4 d5 2.exd5 Qxd5 3.Nc3 Qa5 4.Nf3 c6 5.Bc4 Bg4 
6.O-O e6 7.h3 Bxf3 8.Qxf3 Nf6 9.a3 Bd6 10.Ne4 Nbd7 
11.Nxd6+ 1-0

[Event "HCL-E032"]
[Site "www.playchess.de"]
[Date "2001.04.04"]
[Round "2"]
[White "Ole_Jacobsen"]
[Black "Stan"]
[WhiteElo "2000"]
[BlackElo "2000"]
[PlyCount "31"]
[Result "1/2-1/2"]

1.e4 c6 {Hello,and good luck!}  2.d4 {same to you, 
I am from Mali Westafrika and you, sorry dont know 
your flag.}  d5 {I am from Bulgaria,east 
Europe,one of the post comunist countries.}  3.e5 
{Thanks I know Bulgaria, just did not know the 
flag, how nice. I am doctor in malaria, AIDS, 
ebola et}  Bf5 {You can see my personal info using 
'find player'.}  4.Nc3 e6 5.Bd3 Bxd3 6.Qxd3 Qb6 
7.Nf3 Qa6 8.Qxa6 Nxa6 9.O-O Ne7 10.a3 h5 11.Bg5 
Nf5 12.Ne2 Be7 13.b4 Nc7 14.c3 Bxg5 15.Nxg5 f6 
16.exf6 1/2-1/2

[Event "HCL-C249"]
[Site "www.playchess.de"]
[Date "2001.04.04"]
[Round "6"]
[White "MmeAicha"]
[Black "Elrond"]
[WhiteElo "1000"]
[BlackElo "1662"]
[PlyCount "44"]
[Result "0-1"]

1.e4 e5 2.Nf3 Nc6 {Bonjour et bonne chance!}  
3.Bc4 Nf6 4.d4 exd4 5.Nxd4 Nxe4 6.Bxf7+ Kxf7 
7.Qf3+ Nf6 8.Nxc6 dxc6 9.Qb3+ Qd5 10.O-O Qxb3 
11.axb3 {nearly online :-)}  Bf5 12.c4 Bc5 {near 
online or nearly online :-)? Like Shakespeare.}  
13.Be3 Bd6 14.Nd2 a5 15.h3 b6 {dont know why my 
message was repeated again...}  16.Rfe1 Bb4 
17.Rec1 Ne4 18.Nxe4 {vacation untill 4.4}  Bxe4 
{ok recognized}  19.f3 Bd3 {welcome back}  20.g4 
Rhe8 21.Kf2 Re6 22.h4 Rae8 0-1

[Event "HCL-C257"]
[Site "www.playchess.de"]
[Date "2001.04.04"]
[Round "8"]
[White "Vladik"]
[Black "mdammann"]
[WhiteElo "1000"]
[BlackElo "1100"]
[PlyCount "48"]
[Result "0-1"]

1.e4 Nf6 2.Nc3 Nc6 3.Nf3 e5 4.Bb5 Na5 5.Nxe5 Bd6 
6.Nc4 Nxc4 7.Bxc4 a6 8.Nd5 Nxd5 9.exd5 b5 10.Bd3 
Bb7 11.O-O Bxd5 12.c4 bxc4 13.Be2 a5 14.Qc2 c5 
15.Bxc4 Qg5 {i'll be leaving soon, we will 
continue later though}  16.Bxd5 Qxd5 17.d3 Qf5 
18.Qc3 O-O 19.Be3 Qh5 20.f3 Qxh2+ 21.Kf2 Bg3+ 
22.Ke2 Qxg2+ 23.Kd1 Qxf1+ 24.Kd2 
Qxa1 0-1

[Event "ACL-A138"]
[Site "www.playchess.de"]
[Date "2001.04.04"]
[Round "16"]
[White "Zynaps"]
[Black "andersonmello"]
[WhiteElo "1718"]
[BlackElo "1500"]
[PlyCount "43"]
[Result "1-0"]

1.e4 e5 2.Nf3 Nc6 3.d4 d5 4.Nxe5 Nxe5 5.dxe5 dxe4 
6.Qxd8+ Kxd8 7.Nc3 Bf5 8.Bc4 f6 9.Bf4 e3 10.O-O-O+ 
Ke8 11.Rhe1 Rd8 12.Nd5 exf2 13.Re3 Bc5 14.Nxc7+ 
Ke7 15.exf6+ Kxf6 16.Rxd8 Bxe3+ 17.Bxe3 Be4 
18.Rf8+ Kg6 19.Bxf2 Bxg2 20.Bf7+ Kh6 21.Be3+ g5 
22.Ne6 1-0

[Event "ACL-A137"]
[Site "www.playchess.de"]
[Date "2001.04.04"]
[Round "19"]
[White "Jags2001"]
[Black "richard"]
[WhiteElo "1500"]
[BlackElo "1805"]
[PlyCount "52"]
[Result "0-1"]

1.e4 {Hi}  c5 {welcome to playchess}  2.Bc4 e6 
3.Nf3 Nc6 4.Nc3 Nf6 5.a3 d5 6.exd5 exd5 7.Qe2+ Be7 
8.Ba2 O-O 9.O-O Re8 10.Qd1 Bg4 11.h3 Bh5 12.g4 Bg6 
13.Nh4 d4 14.Nxg6 hxg6 15.Ne2 d3 16.Nf4 Ne5 
17.cxd3 Qd4 18.Ng2 Qxd3 19.Nf4 Qd4 20.d3 g5 21.Ne2 
Qxd3 22.Qxd3 Nxd3 23.Bxg5 Nxg4 {21Ng2 was better}  
24.Bxe7 Rxe7 25.Ng3 Nge5 26.Rae1 Nf3+ {you're in 
trouble}  0-1

[Event "ACL-A132"]
[Site "www.playchess.de"]
[Date "2001.04.04"]
[Round "2"]
[White "Think"]
[Black "ciceradecarvalho"]
[WhiteElo "1500"]
[BlackElo "1500"]
[PlyCount "37"]
[Result "1-0"]

1.e4 {Hi You look very good!}  e5 {thanks}  2.Nf3 
{I have ancestors from Brazil. Where exactly do 
you live there?}  Nc6 {Rio de Janeiro u?}  3.Bc4 
{Dresden. Have you ever danced at the carneval?}  
Nf6 {sometimes, i prefer stay home u?}  4.Ng5 {no 
no what's that for a photo on your page?}  d5 {it 
is only a photo. you can't see nothing}  5.exd5 
{That's a pity!}  Nxd5 6.Nxf7 Kxf7 7.Qf3+ Ke6 
8.Nc3 {Write something!}  Ncb4 9.a3 Nxc2+ {why me 
first?}  10.Kd1 {Ladys first! What Engine do you 
use?}  Nxa1 {AMD-K6 450 MHZ AND YOU?}  11.Nxd5 
{Fritz6.}  Kd6 12.d4 exd4 13.b4 Be6 14.Re1 c6 
15.Rxe6+ {You are mate in 10!}  Kxe6 16.Qg4+ {This 
was a bad move! Now you are mate in 6!}  Kf7 {of 
course!}  17.Nc7+ {Poor poor queen!}  Qd5 18.Bxd5+ 
{Don't take the Bishop!}  cxd5 19.Qe6+ {It is a 
pity!Sorry!}  1-0

[Event "ACL-A136"]
[Site "www.playchess.de"]
[Date "2001.04.04"]
[Round "1"]
[White "Bishop_F1G2"]
[Black "BvB09"]
[WhiteElo "1500"]
[BlackElo "1500"]
[PlyCount "49"]
[Result "1-0"]

1.d4 d5 2.c4 dxc4 3.Nf3 e6 4.e4 b5 5.Be2 Nf6 6.Bg5 
Nc6 7.Nc3 Bb4 8.e5 Bxc3+ 9.bxc3 h6 10.exf6 hxg5 
11.fxg7 Rg8 12.Qb1 Rxg7 13.Qxb5 Bd7 14.Qxc4 Rb8 
15.O-O Na5 16.Qc5 Nb7 17.Qxa7 Bc6 18.Qa6 Bxf3 
19.Bxf3 Qc8 20.Qb5+ c6 21.Bxc6+ Kf8 22.Rab1 f6 
23.Rfe1 Rc7 24.Bf3 Nd8 25.Qxb8 1-0

[Event "HCL-C243"]
[Site "www.playchess.de"]
[Date "2001.04.04"]
[Round "20"]
[White "guigao"]
[Black "alexander"]
[WhiteElo "1425"]
[BlackElo "1000"]
[PlyCount "33"]
[Result "1-0"]

1.e4 d6 2.d4 Nh6 3.Nf3 Rg8 4.Bc4 a6 5.Nc3 e6 6.d5 
e5 7.h3 f6 8.Nh2 b5 9.Be2 g5 10.Bh5+ Nf7 11.Bxf7+ 
Kxf7 12.Qh5+ Kg7 13.Ng4 Nd7 14.Ne2 Bb7 15.Ng3 c5 
16.Nh6 Rh8 17.Ngf5+ 1-0

[Event "HCL-B270"]
[Site "www.playchess.de"]
[Date "2001.04.04"]
[Round "3"]
[White "SAROS"]
[Black "terminmater"]
[WhiteElo "1260"]
[BlackElo "1500"]
[PlyCount "26"]
[Result "0-1"]

1.d4 {Hi and good luck}  Nf6 2.Nc3 d5 {good luck 
to you also}  3.Bg5 e6 4.f3 Be7 5.e4 dxe4 6.fxe4 
b6 7.Nf3 Bb7 8.Bd3 Nbd7 9.Qe2 h6 10.Bh4 c5 11.dxc5 
O-O 12.cxb6 Qxb6 13.b3 Bb4 0-1

[Event "HCL-B268"]
[Site "www.playchess.de"]
[Date "2001.04.04"]
[Round "1"]
[White "Gyr"]
[Black "didiet68"]
[WhiteElo "1589"]
[BlackElo "1696"]
[PlyCount "26"]
[Result "0-1"]

1.c4 e5 2.g3 Nc6 3.Bg2 Nf6 4.Nc3 Bb4 5.Nd5 Bc5 
6.e3 d6 7.Ne2 Bg4 8.h3 Bh5 9.d4 Bb6 10.g4 Bg6 
11.f4 Ba5+ 12.Bd2 Ne4 13.Bxa5 Qh4+ 0-1

[Event "HCL-C271"]
[Site "www.playchess.de"]
[Date "2001.04.04"]
[Round "9"]
[White "Stephen21"]
[Black "Elrond"]
[WhiteElo "1175"]
[BlackElo "1663"]
[PlyCount "46"]
[Result "0-1"]

1.Nc3 e5 2.e4 Nf6 3.d4 exd4 4.Qxd4 Nc6 5.Qe3 Bb4 
6.e5 O-O 7.Bb5 Nxe5 8.Nf3 Neg4 9.Qd4 Re8+ 10.Be3 
Bxc3+ 11.Qxc3 Nd5 12.Qd4 Ndxe3 13.fxe3 Nxe3 14.Kd2 
c6 15.Bc4 d5 16.Bd3 Bf5 17.Rae1 Bxd3 18.Qxd3 Qa5+ 
19.c3 Nc4+ 20.Kc2 Qa4+ 21.b3 Qxa2+ 22.Kd1 Nb2+ 
23.Kc1 Nxd3+ 0-1

[Event "HCL-C273"]
[Site "www.playchess.de"]
[Date "2001.04.04"]
[Round "3"]
[White "Toady"]
[Black "olaf"]
[WhiteElo "743"]
[BlackElo "1448"]
[PlyCount "70"]
[Result "0-1"]

1.e4 e5 2.Nf3 Nc6 3.Bc4 Nf6 4.Nc3 h6 5.d4 d6 6.d5 
Ne7 7.O-O c6 8.a4 a6 9.b3 Bg4 10.h3 Bh5 11.dxc6 
Nxc6 12.Nd5 Nd4 13.Be2 Nxe4 14.g4 Nxe2+ 15.Qxe2 
Bg6 16.Be3 Nc5 17.b4 Nd7 18.c4 Be7 19.a5 O-O 
20.Nxe7+ Qxe7 21.b5 Nc5 22.Bxc5 dxc5 23.Rfe1 e4 
24.Red1 Rfe8 25.Nd2 Qh4 26.Rdf1 Qxh3 27.Rab1 Rad8 
28.Nb3 e3 29.Rbd1 Rxd1 30.Rxd1 f5 31.gxf5 Bh5 
32.Qf1 Qg4+ 33.Kh2 e2 34.Qe1 exd1Q {%}  35.Qxe8+ 
Bxe8 0-1